00313pab a2200121 454500008004000000100001600040245006900056260000900125300001400134362000800148650001400156773002100170180718b2007 xxu||||| |||| 00| 0 eng d aAdam, Klaus aExperimental evidence on the persistence of output and inflation c2007 ap.603-36. aApr aInflation aEconomic Journal